| 000 | 01026nam a22003014a 4500 | ||
|---|---|---|---|
| 999 |
_c200431346 _d49558 |
||
| 001 | 200431346 | ||
| 003 | TR-AnTOB | ||
| 005 | 20220106090312.0 | ||
| 007 | ta | ||
| 008 | 130529s2013 tu a 000 0 tur d | ||
| 020 | _a9786056318092 (paperback) | ||
| 040 |
_aT9K _beng _cT9K _erda _dTR-AnTOB |
||
| 041 | 0 | _atur | |
| 050 | 4 |
_aND861 _b.V33 2013 |
|
| 090 |
_aND861 _b.V33 2013 |
||
| 245 | 0 | 0 |
_aVadim o kadar yeşildi ki : _bilk örneklerinden günümüze manzara... / _cküratör Erkan Doğanay ; fotoğraflar Cihan Keskin. |
| 264 | 1 |
_aİstanbul : _bKüçükçekmece Belediyesi, _c2013. |
|
| 300 |
_a107 pages : _billustrations ; _c28 cm. |
||
| 336 |
_atext _2rdacontent. _btxt |
||
| 337 |
_aunmediated _2rdamedia. _bn |
||
| 338 |
_avolume _2rdacarrier. _bnc |
||
| 650 | 7 |
_aResim _vSergiler _2etuturkob _937620 |
|
| 700 |
_aKeskin, Cihan _ephotopgrapher _983205 |
||
| 700 | 1 |
_aDoğanay, Erkan _ecurator _9122458 |
|
| 710 | 2 |
_aKüçükçekmece Belediyesi _eprepared. _983208 |
|
| 942 |
_2lcc _cBK |
||